| 000 | 01941cam a2200397 a 4500 | ||
|---|---|---|---|
| 999 |
_c22359 _d22359 |
||
| 001 | 15311313 | ||
| 003 | OSt | ||
| 005 | 20170124084739.0 | ||
| 008 | 080530s2008 dcuab bc 001 0 eng | ||
| 010 | _a 2008024399 | ||
| 020 | _a9780894683534 (alk. paper) | ||
| 020 | _a0894683535 (alk. paper) | ||
| 020 | _a9780500514368 | ||
| 020 | _a0500514364 | ||
| 035 | _a(OCoLC)227016581 | ||
| 035 | _a(OCoLC)ocn227016581 | ||
| 040 |
_aDLC _cDLC _dBTCTA _dBAKER _dYDXCP _dBWKUK _dBWK _dBWX _dCDX _dDLC |
||
| 043 | _ae-it--- | ||
| 050 | 0 | 0 |
_aN5755 _b.M38 2008 |
| 082 | 0 | 0 |
_a709.37/7 _222 |
| 100 | 1 | _aMattusch, Carol C. | |
| 245 | 1 | 0 |
_aPompeii and the Roman villa : _bart and culture around the Bay of Naples / _cCarol C. Mattusch. |
| 260 |
_aWashington : _bNational Gallery of Art ; _aLondon : _bThames and Hudson, _c2008. |
||
| 300 |
_axvi, 365 p. : _bcol. ill., maps ; _c25 x 31 cm. |
||
| 500 | _aCatalog of an exhibition at the National Gallery of Art, Washington, Oct. 19, 2008-Mar. 22, 2009; and at the Los Angeles County Museum of Art , May 3-Oct. 4, 2009. | ||
| 504 | _aIncludes bibliographical references (p. 337-351) and index. | ||
| 650 | 0 |
_aArt, Roman _zItaly _zCampania _vExhibitions. |
|
| 650 | 0 |
_aArt, Roman _zItaly _zNaples, Bay of _vExhibitions. |
|
| 650 | 0 |
_aArchitecture, Domestic _zItaly _zNaples, Bay of _vExhibitions. |
|
| 651 | 0 |
_aNaples, Bay of (Italy) _xCivilization _vExhibitions. |
|
| 710 | 2 | _aNational Gallery of Art (U.S.) | |
| 710 | 2 | _aLos Angeles County Museum of Art. | |
| 856 | 4 | 1 |
_3Table of contents only _uhttp://www.loc.gov/catdir/toc/ecip0820/2008024399.html |
| 906 |
_a7 _bcbc _corignew _d1 _eecip _f20 _gy-gencatlg |
||
| 942 |
_2lcc _cBOOKS _hN 5755 .M38 2008 |
||